| 000 | 00533nam a2200181Ia 4500 | ||
|---|---|---|---|
| 999 |
_c37455 _d37455 |
||
| 003 | OSt | ||
| 005 | 20200924111504.0 | ||
| 008 | 190216s9999||||xx |||||||||||||| ||und|| | ||
| 020 | _a8171337198 | ||
| 040 | _coclc | ||
| 082 |
_a572.8 _bGUP/M |
||
| 100 | 1 |
_aGupta, P. K., _9133 _cPh. D., D. Litt. |
|
| 245 | 0 |
_aMolecular Biology And Genetic Engineering / _cP K Gupta |
|
| 260 |
_bRasthogi Publications, _aMeerut: _c2004. |
||
| 300 | _a590p | ||
| 650 | _aZoology | ||
| 942 |
_cBK _2ddc _h572.8 _iGUP/M _k572.8 _mGUP/M |
||